000 00418nam a2200169Ia 4500
005 20250423100317.0
008 250422s9999 xx 000 0 und d
020 _a0600597512
050 _aSB 449 .G67/
100 _aGreen, Nick
245 0 _aNew blooms : over 40 fresh ideas for seasonal flowers
260 _aLondon
260 _bOctopus Publishing Group
260 _c2000
300 _a144 p
942 _cBK
999 _c32917
_d32917